[Event "HCL-E017"]
[Site "www.playchess.de"]
[Date "2001.03.16"]
[Round "7"]
[White "lubos"]
[Black "Goofy"]
[WhiteElo "1920"]
[BlackElo "2089"]
[PlyCount "93"]
[Result "1/2-1/2"]

1.e4 e6 2.d4 d5 3.exd5 exd5 4.Bd3 Bd6 5.Nf3 Ne7 
6.O-O f6 7.Re1 O-O 8.Nbd2 Bg4 9.c3 c6 10.Qc2 g6 
11.Nh4 Re8 12.h3 Bc8 13.Ndf3 Kg7 14.Qd2 Ng8 
15.Rxe8 Qxe8 16.Qc2 Nd7 17.Bd2 Qf7 18.c4 Nf8 19.c5 
Bc7 20.Re1 Be6 21.g4 Re8 22.Qa4 a6 23.Qb3 Bc8 
24.Rxe8 Qxe8 25.Qd1 Ne6 26.Ng2 Nh6 27.b4 Nf7 
28.Qe2 Qd7 29.a4 Bb8 30.h4 Qc7 31.Be3 b5 32.a5 Nh6 
33.Bxh6+ Kxh6 34.Qe3+ Kg7 35.h5 Ng5 36.Kf1 Nxf3 
37.Qxf3 Qh2 38.Ke2 Qg1 39.g5 fxg5 40.h6+ Kg8 
41.Ne3 Bf4 42.Nxd5 Be6 43.Nf6+ Kf7 44.Qxc6 Kxf6 
45.d5 Qg4+ 46.Ke1 Be5 47.Qxa6 1/2-1/2

[Event "ACL-A071"]
[Site "www.playchess.de"]
[Date "2001.03.16"]
[Round "3"]
[White "gallowglass"]
[Black "dmitry"]
[WhiteElo "1500"]
[BlackElo "1499"]
[PlyCount "37"]
[Result "1-0"]

1.e4 c6 2.d4 d5 3.Nc3 dxe4 4.Nxe4 Bf5 5.Ng3 Bg6 
6.Nf3 Nd7 7.h4 h6 8.h5 Bh7 9.Bc4 Ngf6 10.Qe2 Qc7 
11.Bd2 Bxc2 12.Rc1 Bh7 13.Ne5 Nxe5 14.dxe5 Nd7 
15.Bxf7+ Kxf7 16.e6+ Kg8 17.exd7 Qxd7 18.Rd1 Qc7 
19.Qe6+ 1-0

[Event "CCL-M001"]
[Site "www.playchess.de"]
[Date "2001.03.16"]
[Round "2"]
[White "lazer"]
[Black "cmarine200"]
[WhiteElo "2339"]
[BlackElo "2343"]
[PlyCount "103"]
[Result "1-0"]

1.e4 e5 2.Nf3 Nc6 3.Bb5 a6 4.Ba4 Nf6 5.O-O Be7 
6.Re1 b5 7.Bb3 d6 8.c3 O-O 9.h3 Na5 10.Bc2 c5 
11.d4 Qc7 12.Nbd2 Nc6 13.dxc5 dxc5 14.Nf1 Be6 
15.Ne3 Rad8 16.Qe2 c4 17.Nf5 Rfe8 18.Bg5 Nd7 
19.Bxe7 Nxe7 20.Ng5 Bxf5 21.exf5 h6 22.Nf3 Nd5 
23.a4 Nc5 24.axb5 axb5 25.Ra2 Nd3 26.Rea1 Qc8 
27.Bxd3 cxd3 28.Qe4 Nf6 29.Qb4 Rd5 30.R2a5 Qd7 
31.Re1 Qxf5 32.Rxb5 Red8 33.Rxd5 Nxd5 34.Qa5 Qf6 
35.Rxe5 Nf4 36.Rf5 Nxh3+ 37.Kh2 Qe7 38.Kxh3 d2 
39.Nxd2 Rxd2 40.Qa8+ Kh7 41.Qf3 f6 42.b4 Qd8 
43.Kh2 Rd3 44.Qe4 Kh8 45.Rc5 Qb8+ 46.g3 Rd2 47.Kg2 
Rd8 48.Qc6 Qa7 49.Ra5 Qb8 50.Rb5 Qa7 51.Rb7 Qa8 
52.c4 1-0

[Event "ACL-A076"]
[Site "www.playchess.de"]
[Date "2001.03.16"]
[Round "5"]
[White "roofus"]
[Black "mladsir"]
[WhiteElo "1500"]
[BlackElo "1500"]
[PlyCount "72"]
[Result "0-1"]

1.e4 c5 2.Nc3 e6 3.e5 Qc7 4.d4 d5 5.Nf3 a6 6.Ng5 
cxd4 7.Na4 Qxe5+ 8.Qe2 Bb4+ 9.c3 Qxe2+ 10.Bxe2 
dxc3 11.bxc3 Ba5 12.Bd2 b5 13.Nc5 Nd7 14.Nxd7 Bxd7 
15.O-O Nf6 16.Bh5 Nxh5 17.h3 Rc8 18.Rac1 Nf6 
19.Nf3 O-O 20.Ne5 Rfd8 21.Be3 Be8 22.Bg5 Rxc3 
23.Rce1 Rdc8 24.Ng4 Nxg4 25.hxg4 R3c4 26.Rec1 
R4xc1 27.Bxc1 Rc2 28.Be3 b4 29.Ra1 e5 30.f4 f6 
31.Rd1 d4 32.Bd2 Rxa2 33.fxe5 fxe5 34.Bg5 b3 
35.Kh2 b2 36.Rb1 Bg6 0-1

[Event "HCL-B149"]
[Site "www.playchess.de"]
[Date "2001.03.16"]
[Round "4"]
[White "Nils"]
[Black "iq160"]
[WhiteElo "1707"]
[BlackElo "998"]
[PlyCount "106"]
[Result "0-1"]

1.e4 c5 2.Nf3 d6 3.d4 cxd4 4.Nxd4 Nf6 5.Nc3 g6 
6.Bb5+ Bd7 7.O-O Bg7 8.Qd3 O-O 9.Rd1 a6 10.Bxd7 
Nbxd7 11.Qh3 Qb6 12.Rb1 Rfc8 13.Be3 Qc7 14.Bh6 
Bxh6 15.Qxh6 Qc5 16.Qh4 Rc7 17.Nb3 Qb6 18.Rd3 Ne5 
19.Rh3 h5 {so einfach wie du dir das denkst ist es 
auch nicht}  20.a4 {Schade!}  Neg4 {das ist kein 
Angriff, das ist Majestätsbeleidigung}  21.a5 {Bei 
solchen Gesprächen kommt am Ende meist Remis 
heraus...}  Qa7 {zwischen Mann und Frau 
bestimmt...}  22.Rd3 Rd8 23.Rbd1 b5 {ach ja 
sonntage sind langweilig}  24.axb6 Qxb6 25.R3d4 
Ne5 {ich find schwarz steht besser}  26.Ra1 {Dann 
schau doch mal genauer hin!!!!}  Nc4 27.Na4 Qc6 
{tja dann fürchte ich brauch ich eine brille}  
28.Nac5 Qb5 29.Nd3 Rdc8 {bin grad aufgestanden. 
Jetzt geh ich frühsrücken-faulenzen strengt an}  
30.Rb1 {Dann können wir ja heute weiterblitzen!!}  
a5 {bist du immer noch davon überzeugt dass du 
besser stehst?}  31.Ne1 {Kein Kommentar, Guten 
Morgen!}  a4 {moin}  32.Nd2 {Moin?! Do you come 
from Norddeutschland?}  Nxd2 {no, I 
don't.South-west. I live in the Blackforest.}  
33.Rxd2 {Ich war schon mal in Montabaur. Hab 
Verwandte da.}  g5 34.Qh3 {Sorry, verwechselt. Ich 
meinte Westerwald nicht Schwarzwald.}  Nxe4 {ah ja 
dachte schon montabaur liegt irgendwo bei köln}  
35.Rdd1 {Wie heißt Du eigentlich?}  Qe2 
{JamesBond}  36.Nd3 {Präziser bitte!}  d5 {007 mit 
der Lizens zu töten...}  37.c3 a3 {Inge Heumann}  
38.Rde1 {Nicht wirklich, oder?}  Qg4 {lenk mich 
jetzt nicht ab sonst gerät mir das hier noch aus 
dem Ruder}  39.Qe3 Qf5 40.f3 Nd6 41.bxa3 Nc4 {wird 
doch kein Remis. Irgendwann kommst du in Zugzwang 
weil dir vernünftige Züge ausgehen hoffe ich.}  
42.Qd4 e5 43.Nxe5 Nxa3 {ich glaub dass ist 
gewonnen}  44.g4 Qh7 45.Rbc1 Nc2 46.Rxc2 Qxc2 {na 
meinst du, du schaffst noch ein remis}  47.Qe3 
{Na, schau mer mal!}  f6 48.Nd7 Qxc3 {ich glaube 
der freibauer in der d-linie gewinnt}  49.Qxc3 
R7xc3 {gib auf! Das Spiel ist aus}  50.Nxf6+ {Hat 
die dicke Dame schon gesungen??}  Kf7 {nach 
51.Sxd5 Tc1 52. 0:1 das sieht ein blinder. Alle 
Varianten verlieren}  51.Nxd5 R3c1 {Weist Du was, 
mir geht langsam s'Popcorn aus. Ich muß wieder ne 
neue Tüte kaufen}  52.Rxc1 {Hör endlich auf zu 
nerven, verloren ist es noch lange nicht!}  Rxc1+ 
{Ich hab auch schon Pferde kotzen sehn. 
Klick"Resign Game" dann wird'n Schuh draus!}  
53.Kg2 h4 {welcome back}  0-1

[Event "HCL-C157"]
[Site "www.playchess.de"]
[Date "2001.03.16"]
[Round "1"]
[White "sonnygarcia"]
[Black "JPD"]
[WhiteElo "1087"]
[BlackElo "1000"]
[PlyCount "74"]
[Result "0-1"]

1.e4 c5 {Hi}  2.c3 {hello chess buddy from 
stansco.com.}  Nf6 {I don't like to enter the 
moves, I'd rather say I hate !}  3.e5 {you do not 
have to.If you are using explorer, you can use 
your mouse.}  Nd5 {I'll try}  4.Nf3 {I hope you 
are successful.}  Nc6 {It works, thanks}  5.Bc4 {I 
hope that you will stay at this website. You are 
allowed onle one tournament but later on after a}  
Nb6 6.Bb3 d6 7.exd6 c4 8.Bc2 e5 9.O-O Bg4 10.d3 
cxd3 11.Qxd3 Qxd6 12.Qxd6 Bxd6 13.Be4 f5 14.Bxc6+ 
bxc6 15.Nbd2 O-O 16.h3 Bh5 17.Nh2 Be2 18.Re1 Bd3 
19.Nb3 e4 20.Nd4 Rac8 21.f3 Bg3 22.Rd1 c5 23.Ne6 
Rfe8 24.Nf4 Bc2 25.Rf1 e3 26.Ne2 Be5 27.f4 Bf6 
28.Rf3 Bd3 29.Ng3 Nc4 30.Bxe3 Rxe3 31.Rxe3 Nxe3 
32.Re1 Nc4 33.b3 Bxc3 34.Rc1 Bd4+ 35.Kh1 Nb2 
36.Nf3 Be3 37.Re1 Bf2 0-1

[Event "HCL-B161"]
[Site "www.playchess.de"]
[Date "2001.03.16"]
[Round "6"]
[White "boricua-beefcake"]
[Black "pird"]
[WhiteElo "1700"]
[BlackElo "1498"]
[PlyCount "26"]
[Result "0-1"]

1.e4 {good luck}  c6 {Good luck}  2.d4 d5 3.Nc3 
dxe4 4.Nxe4 Bf5 5.Ng3 Bg6 6.Nf3 Nd7 7.h4 h6 8.h5 
Bh7 9.Bd3 Bxd3 10.Qxd3 Qc7 11.Be3 e6 12.O-O-O Ngf6 
13.Rh4 Bd6 0-1

[Event "HCL-B167"]
[Site "www.playchess.de"]
[Date "2001.03.16"]
[Round "5"]
[White "Salo"]
[Black "Eyechess"]
[WhiteElo "1738"]
[BlackElo "1394"]
[PlyCount "83"]
[Result "1-0"]

1.e4 {Good luck!}  e6 {Same to You}  2.d4 d5 3.Nd2 
{Thanks!}  dxe4 4.Nxe4 Nd7 5.Nf3 Ngf6 6.Bd3 Be7 
7.O-O O-O 8.Qe2 b6 9.Nxf6+ Nxf6 10.c3 Bb7 11.Bf4 
Bd6 12.Ne5 c5 13.dxc5 bxc5 14.Rfd1 Qc7 15.Bg3 Rad8 
16.Bc2 Qb8 17.Rd2 Bc7 18.Rxd8 Rxd8 19.Re1 Qc8 
20.Bd3 h6 21.Bc4 Bxe5 22.Bxe5 Nd7 23.Bf4 Nb6 
24.Bb3 Ba6 25.Qg4 e5 26.Qxc8 Nxc8 27.Rxe5 c4 
28.Bc2 Nb6 29.Ra5 Bb7 30.Kf1 Nd5 31.Rxa7 Nxf4 
32.Rxb7 Nd3 33.f3 Re8 34.Bxd3 cxd3 35.Rd7 Re2 
36.Rd8+ Kh7 37.b4 Rxa2 38.Rxd3 Rb2 39.Rd5 Rb3 
40.Rc5 Rb1+ 41.Kf2 Rb2+ 42.Kg3 1-0

[Event "ACL-E002"]
[Site "www.playchess.de"]
[Date "2001.03.16"]
[Round "8"]
[White "peze"]
[Black "anthon_der_schreck"]
[WhiteElo "1876"]
[BlackElo "1926"]
[PlyCount "64"]
[Result "1/2-1/2"]

1.e4 {Gruerzi!}  g6 {Gruerzi! to you too, looking 
forward to a nice game!}  2.d4 {...wen soll Dein 
Login erschrecken?}  Bg7 {Well it frightens me!}  
3.c4 {aha!}  d6 {So what does your login mean?}  
4.Nc3 {My name is (Pe)ter (Ze)nner}  Nf6 {I 
guessed it stould for PC with a german accent!?}  
5.Nf3 {:-))  Click "peze" on.}  O-O 6.Be2 e5 7.O-O 
Nc6 8.d5 Ne7 9.Ne1 Nd7 10.Be3 f5 11.f3 f4 12.Bf2 
g5 13.a4 a6 14.Nd3 Rf6 {nice game}  15.c5 {very 
nice game}  Qe8 16.cxd6 cxd6 17.h3 Rh6 18.Qb3 Qh5 
19.Rfc1 Nf6 20.Bf1 g4 21.fxg4 Bxg4 22.Qxb7 Re8 
23.Bb6 Rg6 24.Nf2 Bxh3 25.Nxh3 Qxh3 26.Kf2 Qh2 
27.Ke1 Rxg2 28.Bxg2 Qxg2 29.Qxa6 Nxe4 30.Qe2 Qh1+ 
31.Qf1 Qxf1+ 32.Kxf1 Nd2+ {I think I've found the 
draw variation - I should have won this game with 
27...Bh6, but nevermind!}  1/2-1/2

[Event "HCL-B169"]
[Site "www.playchess.de"]
[Date "2001.03.16"]
[Round "15"]
[White "player27"]
[Black "Torenvalk"]
[WhiteElo "1461"]
[BlackElo "1855"]
[PlyCount "65"]
[Result "1-0"]

1.Nf3 {*handshake* nice game}  Nf6 {good luck}  
2.g3 { )}  d5 3.Bg2 c5 4.O-O Na6 5.c4 Nc7 6.d4 e6 
7.Na3 a6 8.Bg5 Be7 9.cxd5 Ncxd5 10.dxc5 Bxc5 11.e4 
h6 12.exd5 hxg5 13.dxe6 Bxe6 14.Nxg5 Nd5 15.Nxe6 
fxe6 16.Qe2 Kf7 17.Rad1 Qg5 18.Nc4 Rxh2 19.Kxh2 
Rh8+ 20.Bh3 Nf4 21.gxf4 Qxf4+ 22.Kg2 Rh6 23.Rd3 
Kg8 24.Rg3 b5 25.Bxe6+ Kh8 26.Rd1 Qh4 27.Ne5 Qh2+ 
28.Kf1 Rf6 29.Rd8+ Kh7 30.Qe4+ {a very hard and 
exciting Game! thanks}  g6 {Yes.I have make a 
fault.I want a new game against you ,with white.}  
31.Rd7+ {ok, in a few weeks, i have a lot of 
active games yet}  Kh8 {Thank you very much.}  
32.Qa8+ { )}  Rf8 33.Nxg6+ 1-0

[Event "HCL-B172"]
[Site "www.playchess.de"]
[Date "2001.03.16"]
[Round "9"]
[White "Michael"]
[Black "jalal"]
[WhiteElo "1200"]
[BlackElo "1500"]
[PlyCount "70"]
[Result "0-1"]

1.Nf3 f5 2.e3 Nf6 3.b3 d6 4.Bb2 e5 5.Be2 Nc6 6.d4 
e4 7.Ng1 d5 8.c4 Be7 9.Bh5+ g6 10.Be2 O-O 11.h4 
Be6 12.h5 g5 13.Bc3 h6 14.a3 Qd7 15.c5 Rf7 16.b4 
a6 17.f3 Na7 18.f4 g4 19.g3 Qe8 20.Qc2 Rh7 21.a4 
Nxh5 22.Kf2 Ng7 23.a5 h5 24.Be1 Bd7 25.Ra2 Bb5 
26.Nc3 c6 27.Ra3 h4 28.Kg2 Qg6 29.gxh4 Kf7 30.Bg3 
Rah8 31.Ra1 Bxh4 32.Bxh4 R7xh4 33.Rxh4 Rxh4 34.Kg3 
Rh1 35.Rf1 Qh6 0-1

[Event "HCL-A078"]
[Site "www.playchess.de"]
[Date "2001.03.16"]
[Round "8"]
[White "EKALAYA"]
[Black "radi2001"]
[WhiteElo "1916"]
[BlackElo "1700"]
[PlyCount "31"]
[Result "1-0"]

1.e4 {Welcome from Indonesia !}  e6 2.d4 d5 3.Nc3 
Bb4 4.a3 Bxc3+ 5.bxc3 Ne7 6.Bd3 c5 7.e5 Nbc6 8.Nf3 
h6 9.Be3 c4 10.Be2 Ng6 11.Qd2 O-O 12.h4 f5 13.Bxh6 
{A PRESENT for you !}  gxh6 14.Qxh6 Nh8 15.Rh3 f4 
16.g3 1-0

[Event "ACL-A095"]
[Site "www.playchess.de"]
[Date "2001.03.16"]
[Round "11"]
[White "vishnawathen"]
[Black "radi2001"]
[WhiteElo "1500"]
[BlackElo "1500"]
[PlyCount "25"]
[Result "1-0"]

1.e4 {hello where are you from}  e6 2.Nf3 d5 3.b3 
dxe4 4.Ne5 Qd4 5.Nc3 Qxe5 6.Bb2 Nf6 7.Bb5+ c6 
8.Bc4 Qg5 9.O-O Bd6 10.g3 h5 11.h4 Qg6 12.d3 e3 
13.Ne4 1-0

[Event "ACL-A095"]
[Site "www.playchess.de"]
[Date "2001.03.16"]
[Round "14"]
[White "radi2001"]
[Black "Edik"]
[WhiteElo "1500"]
[BlackElo "1618"]
[PlyCount "24"]
[Result "0-1"]

1.d4 Nf6 2.c4 g6 3.Nc3 Bg7 4.e4 d6 5.Nf3 O-O 6.Be2 
e5 7.dxe5 dxe5 8.Qxd8 Rxd8 9.Bg5 Re8 10.Nd5 Nxd5 
11.cxd5 f6 12.Be3 Bf8 0-1

[Event "HCL-B184"]
[Site "www.playchess.de"]
[Date "2001.03.16"]
[Round "6"]
[White "quant"]
[Black "German04"]
[WhiteElo "1260"]
[BlackElo "1222"]
[PlyCount "53"]
[Result "1-0"]

1.e4 e5 2.Nf3 Nc6 3.Bb5 a6 4.Ba4 Nf6 5.O-O d6 6.d4 
b5 7.Bb3 Nxe4 8.Re1 Nf6 9.dxe5 Ng4 10.exd6+ Kd7 
11.dxc7+ Kxc7 12.Bf4+ Bd6 13.Bxd6+ Qxd6 14.Qxd6+ 
Kxd6 15.Bxf7 Rf8 16.Bb3 Kc7 17.Nc3 Nb4 18.Nd5+ 
Nxd5 19.Bxd5 Rb8 20.Rad1 Kb6 21.Re7 Bf5 22.Be4 g6 
23.Bxf5 Rxf5 24.Rxh7 Nf6 25.Rf7 Ka5 26.Nd4 Rd8 
27.Nb3+ 1-0

[Event "HCL-B184"]
[Site "www.playchess.de"]
[Date "2001.03.16"]
[Round "10"]
[White "German04"]
[Black "iq160"]
[WhiteElo "1222"]
[BlackElo "1349"]
[PlyCount "42"]
[Result "0-1"]

1.e4 c5 2.Nf3 d6 {I'm gonna have a break for a 
couple of days, so long.}  3.Nc3 {Are you back???} 
 Nf6 4.d4 cxd4 5.Qxd4 Nc6 6.Qa4 Bd7 7.Bb5 g6 8.O-O 
Bg7 9.Qb3 O-O 10.Re1 Bg4 11.Bc4 Bxf3 12.gxf3 Nd4 
13.Qxb7 Nxf3+ 14.Kf1 Nxe1 15.Kxe1 Qc8 16.Qb5 Ng4 
17.Bf4 Rb8 18.Qa4 Qc5 19.Nd1 Rb4 20.Qa3 Bxb2 21.c3 
Bxa3 0-1

[Event "HCL-B195"]
[Site "www.playchess.de"]
[Date "2001.03.16"]
[Round "7"]
[White "Hamburger"]
[Black "Raphael"]
[WhiteElo "1241"]
[BlackElo "1200"]
[PlyCount "40"]
[Result "0-1"]

1.d4 d5 2.c4 e6 3.Nf3 Be7 4.Nc3 Bb4 5.cxd5 exd5 
6.a3 Bxc3+ 7.bxc3 Nf6 8.Bg5 O-O 9.e3 Bg4 10.h3 
Bxf3 11.Qxf3 Nbd7 12.c4 c5 13.Bd3 Qa5+ 14.Ke2 cxd4 
15.Bxf6 Nxf6 16.exd4 dxc4 17.Bxc4 Rae8+ 18.Kf1 Ne4 
19.Kg1 Nd2 20.Qd5 Qc3 0-1

[Event "HCL-A088"]
[Site "www.playchess.de"]
[Date "2001.03.16"]
[Round "3"]
[White "peze"]
[Black "Dead_Pay"]
[WhiteElo "2005"]
[BlackElo "1700"]
[PlyCount "25"]
[Result "1-0"]

1.e4 {Hello and good luck!}  c5 {thx...i'll need 
it,although i have won 2000 players...}  2.Nf3 
{Let's have a nice game!}  Nc6 {Try to anyway...}  
3.d4 cxd4 {yes yes i understood.}  4.Nxd4 d6 
{Ok...}  5.Nc3 Nf6 6.Bg5 e6 7.Qd2 Bd7 8.Ndb5 Nb4 
9.O-O-O Bxb5 10.Bxf6 gxf6 {seems the end of this 
game....}  11.Nxb5 {...for black! :-)}  Nc6 {For 
white too!! or does the game continue after black 
loses?? hehehe....}  12.Nxd6+ Bxd6 {Shut your 
mouth you fuck this chess site this fucking sucks 
and you can go fuck yourself in the ass!}  13.Qxd6 
{???}  1-0

[Event "HCL-C197"]
[Site "www.playchess.de"]
[Date "2001.03.16"]
[Round "9"]
[White "Nikolic"]
[Black "Pineywoods"]
[WhiteElo "1000"]
[BlackElo "1000"]
[PlyCount "59"]
[Result "1-0"]

1.Nf3 {hi......}  Nf6 {hello...good luck and have 
fun.}  2.c4 g6 3.d4 {Thank´s ... You too}  Bg7 
4.e3 O-O 5.Be2 d5 6.cxd5 Nxd5 7.O-O Be6 8.Ng5 Bf5 
9.e4 Ne3 10.Bxe3 Bd7 {This game is a complete 
disaster for me.}  11.Qb3 e6 12.Qxb7 Bc6 13.Qb4 h6 
14.Nf3 Bxe4 15.Qd2 h5 16.Nc3 Bb7 17.Bh6 Nd7 
18.Bxg7 Kxg7 19.Rfd1 Qe7 20.Qg5 f6 21.Qe3 a6 
22.Bd3 Rad8 23.Rde1 Rde8 24.Nh4 f5 25.Qg3 Qf6 
26.Qxc7 Qxh4 27.Qxd7+ Re7 28.Qd6 Qg5 29.Qe5+ Kh7 
30.Be4 1-0

[Event "HCL-B192"]
[Site "www.playchess.de"]
[Date "2001.03.16"]
[Round "15"]
[White "Jeff_Foster"]
[Black "toilet"]
[WhiteElo "1437"]
[BlackElo "1881"]
[PlyCount "30"]
[Result "0-1"]

1.d4 Nf6 2.c4 c5 3.d5 e6 4.Nc3 exd5 5.cxd5 d6 
6.Nf3 g6 7.e4 Bg7 8.Bd3 O-O 9.O-O Na6 10.Bxa6 bxa6 
11.e5 dxe5 12.Nxe5 Re8 13.Bg5 Rxe5 14.f4 Re7 15.d6 
Rd7 0-1

[Event "HCL-A088"]
[Site "www.playchess.de"]
[Date "2001.03.16"]
[Round "10"]
[White "Kaotic"]
[Black "Lydeking"]
[WhiteElo "1600"]
[BlackElo "1662"]
[PlyCount "34"]
[Result "1/2-1/2"]

1.d4 {Hello.}  f5 2.Nc3 d5 {hello}  3.Nf3 g6 4.Bf4 
Nf6 5.e3 Bg7 6.Bb5+ c6 7.Bd3 O-O 8.b3 b6 9.O-O Ba6 
10.Bxa6 Nxa6 11.a3 Nc7 12.h3 Ne6 13.Be5 Nd7 
14.Bxg7 Kxg7 15.Ne5 Nxe5 16.dxe5 Rc8 17.Re1 
Qc7 1/2-1/2

[Event "HCL-A088"]
[Site "www.playchess.de"]
[Date "2001.03.16"]
[Round "15"]
[White "Lydeking"]
[Black "Chess_man_Mark"]
[WhiteElo "1662"]
[BlackElo "1700"]
[PlyCount "39"]
[Result "1-0"]

1.d4 d5 2.c4 Nf6 3.cxd5 Nxd5 4.e4 Nb6 5.Nf3 Bg4 
6.Be2 e6 7.O-O Nc6 8.Be3 h5 9.h3 Bxf3 10.Bxf3 Nc4 
11.Nc3 N4e5 12.dxe5 Nxe5 {I had made a mistake in 
my last move by accident. oh well. we will see how 
it turns out?}  13.Qxd8+ {ok}  Rxd8 14.Rfd1 Rxd1+ 
15.Rxd1 Bb4 16.Nb5 O-O 17.Bxh5 g6 18.Be2 a6 19.Nd4 
b5 20.b3 1-0

[Event "HCL-B198"]
[Site "www.playchess.de"]
[Date "2001.03.16"]
[Round "1"]
[White "damage_kase"]
[Black "Worf"]
[WhiteElo "1350"]
[BlackElo "1500"]
[PlyCount "38"]
[Result "1/2-1/2"]

1.d4 d5 2.Nf3 c6 3.c4 e6 4.e3 f5 5.Ne5 Nf6 6.Nd2 
Bd6 7.Ndf3 O-O 8.Bd3 Nbd7 9.Qc2 Ne4 10.Bd2 Qe8 
11.Bc3 Ndf6 12.O-O-O a5 13.Nh4 Nxc3 14.Qxc3 Ne4 
15.Qc2 Bd7 16.f3 Nf6 17.g3 c5 18.g4 g6 19.gxf5 
exf5 1/2-1/2

[Event "HCL-B192"]
[Site "www.playchess.de"]
[Date "2001.03.16"]
[Round "33"]
[White "Dlastdon"]
[Black "Jeff_Foster"]
[WhiteElo "1287"]
[BlackElo "1437"]
[PlyCount "33"]
[Result "1-0"]

1.c4 Nf6 2.Nc3 e6 3.e4 Bb4 4.Nf3 Bxc3 5.dxc3 O-O 
6.Qc2 e5 7.Nxe5 Re8 8.Bf4 d6 9.Nf3 Nc6 10.Bd3 Nxe4 
{If you had played 4. e5 I'd of lost - it's an 
opening trap in this line :)}  11.O-O Nf6 12.Ng5 
h6 13.Bh7+ Kf8 14.Nxf7 Kxf7 15.Qg6+ Kf8 16.Bxh6 
Re7 17.Qxf6+ 1-0

[Event "HCL-C193"]
[Site "www.playchess.de"]
[Date "2001.03.16"]
[Round "30"]
[White "Coney"]
[Black "craigsadler"]
[WhiteElo "1030"]
[BlackElo "549"]
[PlyCount "109"]
[Result "1-0"]

1.e4 {Hello}  c6 {hello!  good luck in the game!}  
2.d4 {Good Luck!}  d5 3.Nc3 dxe4 4.Nxe4 Bf5 5.Ng3 
Bg6 6.h4 h6 7.Nf3 Nd7 8.h5 Bh7 9.Bd3 Bxd3 10.Qxd3 
e6 11.Bd2 {Are you from West Canada ?}  Qb6 {no, 
eastern canada...the capital, ottawa.  why do you 
ask?}  12.O-O-O {The time difference is greater on 
the west side !}  Ngf6 13.Ne4 Be7 14.Be3 Qa5 15.a3 
O-O 16.g3 Nxe4 17.Qxe4 Nf6 18.Qe5 Qxe5 19.dxe5 Ng4 
20.Rhe1 Nxe3 21.Rxe3 Bc5 22.Re2 Rfd8 23.Nh2 Rxd1+ 
24.Kxd1 Rd8+ 25.Kc1 b5 26.g4 a5 27.Nf3 a4 28.g5 
Rd5 29.gxh6 gxh6 30.Ne1 Kg7 31.f4 f5 32.Rg2+ Kf7 
33.Nd3 Be3+ 34.Kb1 Rd4 35.Rg6 Bxf4 36.Nxf4 Rxf4 
37.Rxh6 Rh4 38.Rh7+ Kg8 39.Re7 Rxh5 40.Rxe6 f4 
41.Rg6+ Kf7 42.Rf6+ Ke7 43.Rxc6 Rxe5 44.Rc3 Ke6 
45.Rf3 Kf5 46.b3 Re3 47.Rxe3 Kg4 48.Re1 f3 49.Rf1 
Kg3 50.bxa4 bxa4 51.c4 Kg2 52.Rc1 f2 53.c5 f1Q {%} 
 54.Rxf1 Kxf1 55.c6 1-0

[Event "HCL-B196"]
[Site "www.playchess.de"]
[Date "2001.03.16"]
[Round "3"]
[White "cmcmark"]
[Black "Jeff_Foster"]
[WhiteElo "1200"]
[BlackElo "1478"]
[PlyCount "70"]
[Result "0-1"]

1.e4 e5 2.f4 exf4 3.Nf3 Nc6 4.d4 d5 5.exd5 Qxd5 
6.Bxf4 Bg4 7.Nc3 Qe6+ 8.Qe2 {Good Day.  Was it a 
good weekend for you? Enjoyed your web site.}  
Bxf3 {I had a dull weekend, which was just what I 
needed after a hard week at work :)  You?}  
9.Qxe6+ {Worked by ass off.  Fixed two plumbing 
problems and painted a room.  No rest for the 
weary!}  fxe6 {lol, I know that feeling!}  10.gxf3 
O-O-O 11.O-O-O Rxd4 12.Rxd4 {Nice line fopr black 
in the KGA!}  Nxd4 {I hope so :)}  13.Bg2 Bb4 
14.Bd2 Nf6 15.Rd1 {ever use chesslab.com?}  Bxc3 
{Yeah, it's a great database - especially for 
those of us that can't afford chessbase :)}  
16.Bxc3 Ne2+ 17.Kd2 Nxc3 18.Kxc3 {Does this mean 
my King is now fully developed?}  Nd5+ {You could 
say that :)}  19.Kb3 Nf4 20.Bh1 Rd8 21.Rxd8+ {Have 
a good weekend Jeff.  We have snow predicted 
here.}  Kxd8 {We're supposed to get some snow too 
:)  Have a good weekend.}  22.Kc4 Kd7 23.Kd4 g5 
24.Ke5 {So much for weather guessers, no snow.  
Fog, rain and 45 degrees F.  Now they say snow 
Tuesday.}  Ke7 25.h4 h6 26.hxg5 hxg5 27.Ke4 Kf6 
28.Ke3 Ke5 29.Kf2 Kf5 30.Bg2 Nxg2 31.Kxg2 Kf4 
32.Kf2 {This doesn't look all that good.}  e5 
{Yeah, my basic plan was keep the gambit pawn - 
exchange all pieces, win the ending :)}  33.a4 
{Looks like your plan will work.  Good Game Jeff.  
Do you have a BCF rating?}  c5 {Not yet, just 
started rated games.  Probably around 100, do you 
have a rating?}  34.c3 {USCF 1484}  c4 35.a5 
e4 0-1

[Event "HCL-A090"]
[Site "www.playchess.de"]
[Date "2001.03.16"]
[Round "9"]
[White "Gorodish"]
[Black "Chapo"]
[WhiteElo "1704"]
[BlackElo "1700"]
[PlyCount "77"]
[Result "1/2-1/2"]

1.d4 Nf6 {Good luck}  2.c4 {also all the best!}  
b6 3.Nf3 Bb7 4.Nc3 d5 5.cxd5 Nxd5 6.e3 e6 7.Bb5+ 
c6 8.Bd3 Be7 9.O-O O-O 10.e4 Nxc3 11.bxc3 c5 
12.Re1 Nd7 13.Bf4 Rc8 14.Qe2 cxd4 15.cxd4 Bb4 
16.Rec1 Qe7 17.Ba6 Nb8 18.Bxb7 Qxb7 19.Qe3 Nc6 
20.a3 Be7 21.d5 exd5 22.exd5 Na5 23.Qd3 Qd7 
24.Rce1 Nc4 25.Rac1 b5 26.Ne5 Nxe5 27.Bxe5 a6 
28.Qg3 f6 29.Bc7 Bd8 30.d6 Bxc7 31.Rxc7 Rxc7 
32.dxc7 Rc8 33.Rc1 Qd2 34.Qb3+ Kf8 35.Qb1 Qd6 
36.Qxh7 Rxc7 37.Qh8+ Kf7 38.Qh5+ Kg8 
39.Qe8+ 1/2-1/2

[Event "HCL-A086"]
[Site "www.playchess.de"]
[Date "2001.03.16"]
[Round "14"]
[White "gelus"]
[Black "appieh58"]
[WhiteElo "1904"]
[BlackElo "1355"]
[PlyCount "41"]
[Result "1-0"]

1.d4 Nf6 2.c4 e6 3.Nc3 Bb4 4.e3 d5 5.Bd3 Bxc3+ 
6.bxc3 Nc6 7.Nf3 Bd7 8.Ba3 a6 9.cxd5 Nxd5 10.Qc2 
h6 11.Rb1 b5 12.c4 bxc4 13.Bxc4 Nce7 14.O-O O-O 
15.Rfc1 c6 16.Bc5 Re8 17.Bd3 Nf6 18.Ne5 Ned5 
19.Rb7 Nc7 20.Bb6 Nfd5 21.Bh7+ 1-0

[Event "HCL-A086"]
[Site "www.playchess.de"]
[Date "2001.03.16"]
[Round "19"]
[White "appieh58"]
[Black "SuperNova"]
[WhiteElo "1355"]
[BlackElo "1700"]
[PlyCount "36"]
[Result "0-1"]

1.e4 Nf6 {hello. good luck.}  2.e5 Nd5 3.d4 d6 
4.Nf3 Bg4 5.Be2 e6 6.O-O Be7 7.c4 Nb6 8.Nc3 O-O 
9.a4 a5 10.b3 Nc6 11.Nb5 dxe5 12.dxe5 Bc5 13.Qxd8 
Raxd8 14.Nxc7 Nxe5 15.Nxe5 Bxe2 16.Re1 Bd4 17.Rxe2 
Bxa1 18.Re1 Bxe5 0-1

[Event "ACL-A106"]
[Site "www.playchess.de"]
[Date "2001.03.16"]
[Round "2"]
[White "SuperNova"]
[Black "Venezuela"]
[WhiteElo "1500"]
[BlackElo "1500"]
[PlyCount "41"]
[Result "1-0"]

1.e4 e5 {Good Luck!}  2.Nf3 Nc6 3.Bb5 Qf6 4.c3 a6 
5.Be2 Nge7 6.d4 exd4 7.cxd4 d5 8.e5 Qg6 9.O-O f6 
10.Nc3 fxe5 11.Nxe5 Qf6 12.Bf3 Nxe5 13.dxe5 Qxe5 
14.Re1 Qd6 15.Nxd5 c6 16.Bf4 Qxd5 17.Bxd5 cxd5 
18.Qxd5 g6 19.Bg5 a5 20.Rxe7+ Bxe7 
21.Re1 1-0